03229cam a2200301zi 45000010009000000050017000090080041000260200018000670200018000850350026001030350013001290400031001420500028001731000040002012450076002412640041003172640011003583000040003695050571004095201711009806500031026916500022027226500023027447000037027679420008028049520100028129990015029121694777120250325144256.0230318t20232023enka b 001 0 eng d a9781529745023 a9781529745030 a(NhCcYBP)om3787430834 a16947771 aNhCcYBPbengerdacNhCcYBP 4aHF5415.1255b.T663 2023 aTombleson, Bridget,eauthor.92502110aDigital storytelling for brands c/ Bridget Tombleson & Katharina Wolf. 1aLondon :bSAGE Publications,c[2023] 4c©2023 a287 pages :billustrations ;c25 cm aNarrative Models Across the Ages — Semiotics In A Digital World — Participatory Culture And Transmedia Storytelling — The Traditional Narrative And The Collective Narrative — Telling Stories Across Multiple Platforms — Becoming a Story Curator — Storytelling Design And Composition — Storytelling Through Video And Scrollytelling — Podcasts For Business Storytelling — Brand Storytelling And Reputation Management — Outrage, Mis- and Disinformation In The Digital World — Artificial Intelligence, Virtual Reality And The Future Of Storytelling. aDigital storytelling for brands has become a non-negotiable skill in the 21st century, due to the need to connect and communicate with diverse audiences across multiple channels and platforms. The ability to understand narrative(s) is now a prerequisite for many business, communication, marketing and public relations professionals, as well as content creators and journalists. This book teaches essential skills in deconstructing the traditional narrative and how to adapt narrative to fit contemporary platforms. Co-creative methods are emphasised and provide readers with a theoretical underpinning of participatory culture, and narrative. For the first time ever, this book brings together extant arts and humanities-based models with business theory. It provides learners with a clear understanding of the creative and persuasive form of narrative within a digital context, whilst building brand. Contemporary case studies highlight challenges faced in the digital world, including implications for reputation management, considerations associated with mis- and disinformation and the crucial role of the collective narrative. A key principle guiding this book is: ‘the more digital we become, the more we crave to feel human’ and it is this very space where digital storytelling can cut through the (digital) noise to provide an authentic connection. Bridget Tombleson is an academic at Curtin University, Perth, Western Australia, with more than twenty years’ experience in public relations and the communication industry. Katharina Wolf is an Associate Professor at Curtin University in Perth, Western Australia, and Lead of the Faculty of Business and Law’s public relations program.  0aBranding (Marketing)96284 0aSemiotics.925019 0aStorytelling98216 aWolf, Katharina,eauthor.925022 2lcc 00102lcc4070aTBSbTBSd2025-03-25l0oHF5415.1255 TOMpB05908r2025-03-25t1w2025-03-25y1 c4581d4581